Filistin sosyal, ekonomik, kültürel ve kurumsal yapısının ve Türkiye-Filistin işbirliği imkanlarının değerlendirilmesi (Record no. 616)

MARC details
000 -BAŞLIK
Sabit Uzunlukta Kontrol Alanı 00791na a2200229 4500
001 - KONTROL NUMARASI
Denetim Alanı 13745
003 - KONTROL NUMARASI IDENTIFIER
Denetim Alanı MIRAKIL
005 - SON İŞLEM TARİHİ VE ZAMANI
Denetim Alanı 20181213154755.0
008 - SABİT-BOY VERİ ELEMANLARI - GENEL BİLGİLER
Sabit Uzunlukta Kontrol Alanı 161020b tu 000 0
035 ## - SİSTEM KONTROL NUMARASI
Sistem Kontrol Numarası 13745
040 ## - KATALOGLAMA KAYNAK
Orijinal Kataloglama Ajansı Milas
Kataloglama Dili tur
Metne Dönüştürmek Ajansı TR-AnCHP
041 ## - DİL KODU
Metin / Ses Parça Veya Ayrı Başlığın Dil Kodu tur
-- eng
082 ## - DEWEY ONLU SINIFLANDIRMA NUMARASI
Sınıflandırma Numarası 327.56105694
Ürün Numarası F54 2005
090 ## - SINIFLAMA NUMARASI
Sınıflama Numarası 327.56105694 F54 2005
245 ## - BAŞLIK TABLOSU
Başlık Filistin sosyal, ekonomik, kültürel ve kurumsal yapısının ve Türkiye-Filistin işbirliği imkanlarının değerlendirilmesi
Başlığın Kalan rapor 1
260 ## - YAYIN, DAĞITIM, VB
Yayın, Dağıtım, Vb Yeri Ankara
Yayıncı, Dağıtıcı, Vs Adı GAP Bölge Kalkınma İdaresi Başkanlığı
Yayın, Dağıtım, Vb Tarihi 2005
300 ## - FİZİKSEL TANIM
Kapsam 72, 40, 16 s.
Diğer Fiziksel Ayrıntıları fotğ.
Boyutlar 19 sm.
500 ## - GENEL NOT
Genel Not İngilizce makaleler içerir.
650 ## - KONU KATMA GİRİŞ - TOPİKAL DÖNEM
Topikal Süreli Veya Coğrafi Ad Giriş Elemanı Uluslararası ilişkiler
Genel Alt Bölümü Filistin
651 ## - KONU KATMA GİRİŞ - COĞRAFİ ADI
Coğrafi İsim Türkiye
Genel Alt Bölümü Uluslararası ilişkiler
Coğrafi Alt Bölümü Filistin
942 ## - EKLENDİ GİRİŞ ELEMANLARI (KOHA)
Sınıflandırma Veya Raf Düzeni Kaynak Dewey Decimal Classification
Koha Öğesi Türü Books
999 ## - SİSTEM KONTROL NUMARALARI (KOHA)
Koha Biblionumber 616
Koha Biblioitemnumber 616
Holdings
Kalıcı Konum Mevcut Konum Edinme Tarihi Edinim Kaynak Toplam Check-Out'Lar Tam Çağrı Numarası Barkod Tarih Son Görülme İtibaren Geçerli Fiyatlar Koha Öğesi Türü
CHP Kütüphanesi CHP Kütüphanesi 08/16/2016 Bağış   327.56105694 F54 2005 001561 08/16/2016 08/16/2016 Books